<?xml version="1.0" encoding="UTF-8"?>
<collection xmlns="http://www.loc.gov/MARC21/slim">
 <record>
  <leader>01543nam a2200181Ia 4500</leader>
  <controlfield tag="001">CTU_17052</controlfield>
  <controlfield tag="008">210402s9999    xx            000 0 und d</controlfield>
  <datafield tag="082" ind1=" " ind2=" ">
   <subfield code="a">324.2597075</subfield>
  </datafield>
  <datafield tag="082" ind1=" " ind2=" ">
   <subfield code="b">Th561</subfield>
  </datafield>
  <datafield tag="100" ind1=" " ind2=" ">
   <subfield code="a">Lê Quang Thưởng</subfield>
  </datafield>
  <datafield tag="245" ind1=" " ind2="0">
   <subfield code="a">Một số vấn đề xây dựng Đảng về tổ chức trong giai đoạn hiện nay</subfield>
  </datafield>
  <datafield tag="245" ind1=" " ind2="0">
   <subfield code="c">Lê Quang Thưởng</subfield>
  </datafield>
  <datafield tag="260" ind1=" " ind2=" ">
   <subfield code="a">Hà Nội</subfield>
  </datafield>
  <datafield tag="260" ind1=" " ind2=" ">
   <subfield code="b">Chính trị quốc gia</subfield>
  </datafield>
  <datafield tag="260" ind1=" " ind2=" ">
   <subfield code="c">1996</subfield>
  </datafield>
  <datafield tag="520" ind1=" " ind2=" ">
   <subfield code="a">Sách đề cập những vấn dề có ý nghĩa lý luận thực tiễn về công tác xây dựng Đảng trong giai đoạn mới mà Đại hội lần thứ VIII của Đảng đã nêu như: nhận định về bản chất giai cấp công nhân, tính tiền phong của Đảng, tiếp tục hoàn thiện hệ thống tổ chức của Đảng, nâng cao năng lực lãnh đạo  của các tổ chức cơ sở Đảng, một số vấn đề về tổ chức và hoạt động của các tổ chức đảng trong các doanh nghiệp nhà nước, công tác phát triển đảng viên trong tình hình hiện nay, vấn đề đổi mới quy hoạch, tạo nguồn cán bộ đáp ứng yêu cầu của sự nghiệp công nghiệp hóa, hiện đại hóa đất nước...</subfield>
  </datafield>
  <datafield tag="650" ind1=" " ind2=" ">
   <subfield code="a">communist parties - vietnam</subfield>
  </datafield>
  <datafield tag="980" ind1=" " ind2=" ">
   <subfield code="a">Trung tâm Học liệu Trường Đại học Cần Thơ</subfield>
  </datafield>
 </record>
</collection>
